रीतिकालीन काव्य-सिद्धान्त / (Record no. 121968)
[ view plain ]
| 000 -LEADER | |
|---|---|
| fixed length control field | 01207nam a22002777a 4500 |
| 005 - DATE AND TIME OF LATEST TRANSACTION | |
| control field | 20170124103223.0 |
| 010 ## - LIBRARY OF CONGRESS CONTROL NUMBER | |
| LC control number | 571298 |
| 020 ## - INTERNATIONAL STANDARD BOOK NUMBER | |
| Terms of availability | 16.00 |
| 035 ## - SYSTEM CONTROL NUMBER | |
| System control number | 571298 |
| 037 ## - SOURCE OF ACQUISITION | |
| Source of stock number/acquisition | Cen Lib/Ret |
| 040 ## - CATALOGING SOURCE | |
| Original cataloging agency | DPL |
| Language of cataloging | HN |
| 082 ## - DEWEY DECIMAL CLASSIFICATION NUMBER | |
| Classification number | 821.08 |
| Item number | देवरा |
| 100 ## - MAIN ENTRY--PERSONAL NAME | |
| Personal name | देवराज |
| 9 (RLIN) | 500 |
| 245 ## - TITLE STATEMENT | |
| Title | रीतिकालीन काव्य-सिद्धान्त / |
| Statement of responsibility, etc | देवराज [और] सुर्नारायण दिवेदी |
| 246 ## - VARYING FORM OF TITLE | |
| Title proper/short title | Ritikaleen kavya siddhant / |
| Remainder of title | by Devraj [and] Suryanaran Diwedi |
| 260 ## - PUBLICATION, DISTRIBUTION, ETC. (IMPRINT) | |
| Place of publication, distribution, etc | वाराणसी |
| Name of publisher, distributor, etc | चोकम्भा विद्याभवन |
| 270 ## - ADDRESS | |
| Address | 63/42 उत्तर बनिया |
| City | वाराणसी |
| 300 ## - PHYSICAL DESCRIPTION | |
| Extent | 438पृ. : |
| Dimensions | 20सेमी(सजिल्द) |
| 500 ## - GENERAL NOTE | |
| General note | अनुक्रमणिका शामिल |
| 650 ## - SUBJECT ADDED ENTRY--TOPICAL TERM | |
| Topical term or geographic name as entry element | हिंदी साहित्य |
| 9 (RLIN) | 117524 |
| 650 ## - SUBJECT ADDED ENTRY--TOPICAL TERM | |
| Topical term or geographic name as entry element | प्रसाद साहित्य |
| 9 (RLIN) | 117525 |
| 650 ## - SUBJECT ADDED ENTRY--TOPICAL TERM | |
| Topical term or geographic name as entry element | Hindi literature |
| 9 (RLIN) | 117526 |
| 650 ## - SUBJECT ADDED ENTRY--TOPICAL TERM | |
| Topical term or geographic name as entry element | Prasad literature |
| 9 (RLIN) | 9508 |
| 700 ## - ADDED ENTRY--PERSONAL NAME | |
| Personal name | दिवेदी, सूर्यनारायण |
| 9 (RLIN) | 44174 |
| 942 ## - ADDED ENTRY ELEMENTS (KOHA) | |
| Source of classification or shelving scheme | Dewey Decimal Classification |
| Koha item type | English Books |
| Classification part | ८२१.08 |
| Call number suffix | देवरा |
| Withdrawn status | Lost status | Source of classification or shelving scheme | Damaged status | Not for loan | Home library | Current library | Date acquired | Source of acquisition | Cost, normal purchase price | Total Checkouts | Full call number | Barcode | Date last seen | Date checked out | Copy number | Cost, replacement price | Price effective from | Koha item type |
|---|---|---|---|---|---|---|---|---|---|---|---|---|---|---|---|---|---|---|
| Dewey Decimal Classification | Central Library | Central Library | 04/01/2016 | Cen Lib/Ret | 16.00 | 2 | 821.08 देवरा | 571298 | 01/09/2018 | 24/08/2018 | 1 | 16.00 | 04/01/2016 | Hindi Books |
